00522nam a22002057a 450000500170000001000110001702000100002803500110003803700160004904000120006508200160007710000110009324500540010426000420015827000470020030000250024750000200027265000090029265000150030120170124110201.0 a940857 c00.00 a940857 bCen Lib/Ret aDPLbEN a181.43bSUR aSurath aScientific yoga for the man of today /cby Surath aCaliforniabRanney Publicationsc1971 aP. O. Box 270, Mountain CenterbCalifornia axix,169p. c22cm(Hb) aIncludes index  aYoga aPsychology